00639nam a2200241 a 4500001001300000003000900013005001700022008004100039020001000080082001600090100001600106245001100122260004100133300000800174500003500182505001000217650003000227700001600257902000800273942000700281952009600288999001300384nice12345678IN_TiNIC20260116011300.0050524s1952 lona grp 000 0 eng  ac10000a121.68bBUL aBultmann, R aGnosis aLondonbAdam and Charles Blackc1952 a67p aincludes index and biblioraphy2 aIndex aKnowledge-Theory of Islam1 aBultmann, R bSRS cBK 00104070aHMIbHMId2007-03-15g100.00l0o121.68 BULp01689r2007-03-15w2026-01-16yEB c159d159